| 000 | 00496nam a2200169 a 4500 | ||
|---|---|---|---|
| 001 | 000036386 | ||
| 005 | 20200930075713.0 | ||
| 008 | 120116s1988 ag a 000 0 spa d | ||
| 020 | _a9500202492 | ||
| 040 |
_aDO-SdBNP _bspa _cBNPHU |
||
| 082 |
_axxx _bG196f 1988 |
||
| 100 | 1 |
_aGandsas, Mario _962584 |
|
| 245 | 1 | 0 |
_aFundamentos de enfermeria quirurgica e instrumentación / _cMario Gandsas. |
| 250 | _a4a ed. | ||
| 260 |
_aBuenos Aires : _bEl Ateneo, _c1988. |
||
| 300 |
_a560 p. : _bil. ; _c23 cm. |
||
| 999 |
_c35877 _d35877 |
||